Introduction to Compiler Design

Gespeichert in:
Bibliographische Detailangaben
1. Verfasser: Mogensen
Format: Buch
Veröffentlicht: Springer
Tags: Tag hinzufügen
Keine Tags, Fügen Sie das erste Tag hinzu!

MARC

LEADER 00000nam a2200000Ia 4500
005 20260513122050.0
020 |a 9783031464591 
100 |a Mogensen 
365 |c € 
365 |b 28.00 
942 |c BK 
245 |a Introduction to Compiler Design 
260 |b Springer 
999 |c 28  |d 28 
952 |0 0  |1 0  |4 0  |7 0  |a UNSW  |b UNSW  |d 2026-05-08  |g 49.99  |i 16698  |l 0  |p 000160  |r 2026-05-13 12:20:50  |v 49.99  |w 2026-05-13  |y BK